00275nam a2200097Ia 4500008004100000020001400041245003500055260001800090260001200108300005700120191206s9999 xx 000 0 und d a812813383 0aWho's who in the ancient world aStein and Day cc[1971] a"xlvi, 225 p. illus., maps (on lining papers) 27 cm"